[Event "Karlsruhe Grenke op"]
[Site "Karlsruhe"]
[Date "2019.04.19"]
[Round "3"]
[White "Bacrot, Etienne"]
[Black "Schumann, Oliver"]
[Result "1-0"]
[WhiteElo "2683"]
[BlackElo "1894"]
[PlyCount "43"]
[EventDate "2019.04.18"]
[EventType "swiss"]
[EventRounds "9"]
[EventCountry "GER"]
[SourceTitle "CBM 189 Extra"]
[Source "ChessBase"]
[SourceDate "2019.05.31"]
[SourceVersion "1"]
[SourceVersionDate "2019.05.31"]
[SourceQuality "1"]

1. Nf3 c5 2. b3 Nc6 3. Bb2 e6 4. e3 Nf6 5. d4 Qc7 6. a3 b6 7. Bd3 Bb7 8. Nbd2 cxd4 9. exd4 d5 10. 0-0 Bd6 11. Qe2 Ne7 12. Ne5 a6 13. f4 0-0 14. Rf3 Rfd8 15. Rh3 g6 16. Ndf3 Nf5 17. Ng5 Rf8 18. g4 Ng7 19. Rh6 Ne4 20. Nxh7 Be7 21. Qe3 Rfc8 22. Qh3 1-0

[Event "GER-ch U25-A"]
[Site "Willingen"]
[Date "2017.06.09"]
[Round "8"]
[White "Klugstedt, Vincent C"]
[Black "Schumann, Oliver"]
[Result "0-1"]
[WhiteElo "1546"]
[BlackElo "1799"]
[PlyCount "61"]
[EventDate "2017.06.04"]
[EventType "swiss"]
[EventRounds "9"]
[EventCountry "GER"]
[SourceTitle "CBM 178 Extra"]
[Source "ChessBase"]
[SourceDate "2017.06.22"]
[SourceVersion "1"]
[SourceVersionDate "2017.06.22"]
[SourceQuality "1"]

1. d4 Nf6 2. c4 e6 3. Nf3 d5 4. Nc3 dxc4 5. e4 Bb4 6. Qc2 c5 7. Be3 cxd4 8. Nxd4 Qa5 9. Nde2 Nc6 10. a3 Ne5 11. Ng3 0-0 12. Rc1 Bc5 13. Bxc5 Qxc5 14. Be2 b5 15. 0-0 Bb7 16. Kh1 Neg4 17. Bxg4 Nxg4 18. Qe2 Ne5 19. f4 Nd3 20. Rc2 Rad8 21. Qg4 Qe7 22. e5 f5 23. Qh3 a6 24. Nh5 Nc5 25. Kg1 Rd3 26. g3 Ne4 27. Nxe4 Bxe4 28. Rcf2 Rfd8 29. Re1 Qf7 30. Qh4 Rd1 31. Rff1 0-1

[Event "GER-ch U25-A"]
[Site "Willingen"]
[Date "2017.06.07"]
[Round "6"]
[White "Schumann, Oliver"]
[Black "Von Pueckler, Konstantin"]
[Result "1-0"]
[WhiteElo "1799"]
[BlackElo "1525"]
[PlyCount "77"]
[EventDate "2017.06.04"]
[EventType "swiss"]
[EventRounds "9"]
[EventCountry "GER"]
[SourceTitle "CBM 178 Extra"]
[Source "ChessBase"]
[SourceDate "2017.06.22"]
[SourceVersion "1"]
[SourceVersionDate "2017.06.22"]
[SourceQuality "1"]

1. e4 c5 2. Nf3 Nc6 3. d4 cxd4 4. Nxd4 Nf6 5. Nc3 e5 6. Ndb5 d6 7. Nd5 Nxd5 8. exd5 Nb8 9. c4 Be7 10. Bd3 0-0 11. 0-0 Nd7 12. f4 Nc5 13. fxe5 dxe5 14. Bc2 a6 15. Nc3 Qb6 16. Kh1 f5 17. a3 g6 18. b4 Nd7 19. Bh6 Re8 20. c5 Qd8 21. d6 Bg5 22. Bxg5 Qxg5 23. Nd5 Nf6 24. Nc7 Be6 25. Nxe6 Rxe6 26. Bb3 Kf7 27. Bxe6+ Kxe6 28. Qb3+ Kd7 29. Qf7+ Kc6 30. Qc7+ Kd5 31. Qxb7+ Kd4 32. Rad1+ Kc4 33. Qxa8 Ng4 34. Qxa6+ Kb3 35. Rb1+ Kc3 36. Rfc1+ Kd4 37. Qc4+ Ke3 38. Re1+ Kf2 39. Qe2# 1-0